000 01304cam a2200409 i 4500
001 200468128
003 TR-AnTOB
005 20260415155136.0
007 ta
008 260415t19861986caua b 001 0 eng
010 _a 85203045
020 _a0201209160
_q(hardback)
020 _a9780201209167
035 _a979853
035 _a(TR-AnTOB)200468128
040 _aDLC
_beng
_erda
_cDLC
_dDLC
_dTR-AnTOB
041 0 _aeng
043 _an-us---
050 0 0 _aE178.1
_b.A23 1986
090 _aE178.1
_b.A23 1986
245 0 0 _aAddison-Wesley United States history /
_cauthors, David C. King [and three others].
250 _aPresidential edition.
264 1 _aMenlo Park, Calif., :
_bAddison-Wesley Pub. Co.,
_c1986.
264 4 _c©1986
300 _axvi, 832 pages :
_billustrations (some color) ;
_c27 cm
336 _atext
_btxt
_2rdacontent
337 _aunmediated
_bn
_2rdamedia
338 _avolume
_bnc
_2rdacarrier
504 _aBIBINDX
520 _aTraces the history of the United States from the early Indian civilization to the present day.
651 0 _aUnited States
_xHistory
_96238
700 1 _aKing, David C.
_eauthor
_4aut
_9153683
710 2 _aAddison-Wesley Publishing Company
_9153684
942 _2lcc
_cBK
999 _c200468128
_d86340